| 000 | 01939nam0a2200361 4500 | ||
|---|---|---|---|
| 001 | RU\NLR\bibl\939014 | ||
| 005 | 20260407023616.0 | ||
| 010 |
_a5-901434-09-9 _bТюменНИИгипрогаз |
||
| 010 |
_a5-86093-096-1 _bНедра _9400 |
||
| 021 |
_aRU _b2006-15872 _9780 |
||
| 035 | _a(NLR Aleph) 000927203 | ||
| 090 |
_a137032 _c137032 |
||
| 100 | _a20060426d2005 |||y0rusy50 ca | ||
| 101 | 0 | _arus | |
| 102 | _aRU | ||
| 105 | _aa ||||||||| | ||
| 200 | 1 |
_aВопросы строительства газовых скважин, проектирования разработки месторождений и транспорта газа _eсборник научных трудов _fО-во с огранич. ответственностью ТюменНИИгипрогаз _g[гл. ред. д.техн.н., проф. Г.В. Крылов] |
|
| 210 |
_aТюмень _cТюменНИИгипрогаз _aСанкт-Петербург _cНедра _d2005 |
||
| 215 |
_a166 с. _cграф. _d21 |
||
| 320 | _aБиблиогр. в конце тр. | ||
| 606 | 1 |
_aГазовые скважины _jСборники _xСтроительство _92184125 _3RU\NLR\auth\661313241 |
|
| 606 | 1 |
_aЕстественные газы _jСборники _xДобыча _xПроектирование _91024436 _3RU\NLR\auth\66391935 |
|
| 606 | 1 |
_aЕстественные газы _jСборники _xТранспортировка _91425021 _3RU\NLR\auth\66290487 |
|
| 686 | _aИ131,7я43 | ||
| 686 | _aИ362-64я43 | ||
| 686 | _aО76я43 | ||
| 702 | 1 |
_4340 _8rus _7ca _aКрылов _bГ. В. _f1941- _cд-р техн. наук, нефтегазодобыча _gГеоргий Васильевич _3RU\NLR\auth\7728613 _911644 |
|
| 711 | 0 | 2 |
_a"ТюменНИИгипрогаз", институт _3RU\NLR\AUTH\8810009037 _9515805 |
| 801 | 0 |
_aRU _bNLR _c20060426 _grcr |
|
| 801 | 1 |
_aRU _bNLR _c20060426 |
|
| 942 | _cBOOK | ||
| 980 | _aNB | ||